header

Kings cross : (Record no. 121472)

MARC details
000 -LEADER
fixed length control field 01673nam a2200397 i 4500
001 - CONTROL NUMBER
control field ebr10761499
003 - CONTROL NUMBER IDENTIFIER
control field CaPaEBR
006 - FIXED-LENGTH DATA ELEMENTS--ADDITIONAL MATERIAL CHARACTERISTICS--GENERAL INFORMATION
fixed length control field m o d
007 - PHYSICAL DESCRIPTION FIXED FIELD--GENERAL INFORMATION
fixed length control field cr cn|||||||||
008 - FIXED-LENGTH DATA ELEMENTS--GENERAL INFORMATION
fixed length control field 140810t20132013xnaa o 000 0 eng d
020 ## - INTERNATIONAL STANDARD BOOK NUMBER
Cancelled/invalid ISBN 9781742233260
International Standard Book Number 9781742246550 (e-book)
040 ## - CATALOGING SOURCE
Original cataloging agency CaPaEBR
Language of cataloging eng
Description conventions rda
-- pn
Transcribing agency CaPaEBR
035 ## - SYSTEM CONTROL NUMBER
System control number (OCoLC)833317971
043 ## - GEOGRAPHIC AREA CODE
Geographic area code u-at-ne
050 14 - LIBRARY OF CONGRESS CALL NUMBER
Classification number DU178
Item number .N697 2013eb
082 04 - DEWEY DECIMAL CLASSIFICATION NUMBER
Classification number 994.4
Edition number 23
100 1# - MAIN ENTRY--PERSONAL NAME
Personal name Nowra, Louis,
Relator term author.
245 10 - TITLE STATEMENT
Title Kings cross :
Remainder of title a biography /
Statement of responsibility, etc Louis Nowra.
264 #1 - PRODUCTION, PUBLICATION, DISTRIBUTION, MANUFACTURE, AND COPYRIGHT NOTICE
Place of production, publication, distribution, manufacture Sydney, New South Wales :
Name of producer, publisher, distributor, manufacturer NewSouth,
Date of production, publication, distribution, manufacture, or copyright notice 2013.
Date of production, publication, distribution, manufacture, or copyright notice �2013
300 ## - PHYSICAL DESCRIPTION
Extent 1 online resource (509 pages) :
Other physical details illustrations
336 ## - CONTENT TYPE
Content type term text
Source rdacontent
337 ## - MEDIA TYPE
Media type term computer
Source rdamedia
338 ## - CARRIER TYPE
Carrier type term online resource
Source rdacarrier
588 ## - SOURCE OF DESCRIPTION NOTE
Source of description note Description based on online resource; title from PDF title page (ebrary, viewed August 10, 2014).
590 ## - LOCAL NOTE (RLIN)
Local note Electronic reproduction. Palo Alto, Calif. : ebrary, 2014. Available via World Wide Web. Access may be limited to ebrary affiliated libraries.
651 #0 - SUBJECT ADDED ENTRY--GEOGRAPHIC NAME
Geographic name Kings Cross (Sydney, N.S.W.)
General subdivision Social life and customs
Form subdivision Anecdotes.
Geographic name Kings Cross (N.S.W.)
General subdivision History.
Geographic name Sydney (N.S.W.)
General subdivision Social life and customs.
Geographic name Kings Cross (N.S.W.)
General subdivision Social life and customs.
655 #0 - INDEX TERM--GENRE/FORM
Genre/form data or focus term Electronic books.
776 08 - ADDITIONAL PHYSICAL FORM ENTRY
Display text Print version:
Main entry heading Nowra, Louis.
Title Kings cross : a biography.
Place, publisher, and date of publication Sydney, New South Wales : NewSouth, c2013
Physical description vii, 500 pages
International Standard Book Number 9781742233260
797 2# - LOCAL ADDED ENTRY--CORPORATE NAME (RLIN)
Corporate name or jurisdiction name as entry element ebrary.
856 40 - ELECTRONIC LOCATION AND ACCESS
Uniform Resource Identifier <a href="http://site.ebrary.com/lib/rucke/Doc?id=10761499">http://site.ebrary.com/lib/rucke/Doc?id=10761499</a>
Public note An electronic book accessible through the World Wide Web; click to view

No items available.

© 2026 Rongo University
Contact us: librarian | system librarian | Rongo university